00667nam a2200241 a 4500001001300000003000900013005001700022008004100039020001000080082001600090100002000106245002000126260004200146300000900188500003500197505001000232650001900242700002000261902000800281942000700289952011600296999001300412nice12345678IN_TiNIC20260116011333.0050524s1959 lona grp 000 0 eng  ac10000a956.94bSCH aSchwarz, Walter aArabs in Israel aLondonbFaber and Faber Limitedc1959 a172p aincludes index and biblioraphy2 aIndex aKosovo-History1 aSchwarz, Walter bSRS cBK 001040708StackRoom-aHMIbHMId2007-05-30g100.00l0o956.94 SCHp01114r2007-05-30v100.00w2005-05-24yBK c631d631